Statistiques concernant Culture Générale - Série 1362

Cliquez ici pour prendre le quiz!

Statistiques générales

  • Ce quiz a été pris 42 fois
  • Le résultat moyen est 6 sur 10

Statistiques - réponses

Question Réponse % Correct
Qu'a heurté le Titanic avant de sombrer dans l'Atlantique ?iceberg
98%
Avec quel pays d'Europe, la Cité du Vatican a-t-elle une frontière terrestre ?Italie
98%
Quel mot désigne à la fois, le petit objet caché dans la galette des Rois et la graine de cacaoyer ?fève
93%
Quel mot anglo-américain commençant par "Top", désigne habituellement pour une femme, le fait d'avoir le buste nu en public ?topless
78%
Dans quel département breton se trouve le phare de l'île Vierge, le plus haut phare d'Europe ?Finistère
76%
Complétez le titre de ce roman d'Horace McCoy, paru en 1935 : "On achève bien les...chevaux
61%
Quel écrivain français est l'auteur du roman "Une page d'amour", publié en 1878 ?Émile Zola
24%
À quel sportif Douglas Gordon et Philippe Parreno ont-ils consacré "un portrait du 21e siècle", dans un documentaire sorti en 2006 ?Zinedine Zidane
24%
Sur quel hippodrome a lieu chaque année le prix "Gras Savoye Grand Steeple Chase de Paris" ?hippodrome d'Auteuil
22%
Quel nom porte le château dans lequel se situe l'action de “Hamlet”, de Shakespeare ?Elseneur
7%

Distribution des résultats

Percentile par nombre de réponses

% des personnes avec chaque résultat

Votre développement - résultats

Vous n’avez pas pris ce quiz